[Event "DSJ Weihnachtsturnier U20w 2020"]
[Site "https://play.chessbase.com/en/play?room=DSJWeihnachtU20w"]
[Date "2020.12.29"]
[Round "4"]
[White "Müller, Riyanna"]
[Black "Visvikis, Kassandra"]
[Result "0-1"]
[Termination "normal"]
[Board "4.3"]
[WhiteElo "1364"]
[BlackElo "1610"]
[WhiteTeam "SC Landskrone"]
[BlackTeam "OSG Baden-Baden"]
[PlyCount "102"]
[WhiteFideId "16287401"]
[BlackFideId "36052167"]
[EventRounds "7"]
[EventType "team-swiss"]
[EventDate "2020.12.29"]

1. e4 {[%emt 0:00:05]} e5 {[%emt 0:00:14]} 2. Nf3 {[%emt 0:00:02]} Nc6 { [%emt
0:00:04]} 3. Bc4 {[%emt 0:00:04]} Bc5 {[%emt 0:00:03]} 4. Nc3 {[%emt 0: 00:02]}
Nf6 {[%emt 0:00:11]} 5. d3 {[%emt 0:00:01]} a6 {[%emt 0:00:09]} 6. Bg5 {[%emt
0:00:07]} h6 {[%emt 0:00:02]} 7. Bxf6 {[%emt 0:00:02]} Qxf6 {[%emt 0:00: 02]}
8. Nd5 {[%emt 0:00:02]} Qd8 {[%emt 0:00:03]} 9. a3 {[%emt 0:00:07]} d6 { [%emt
0:00:06]} 10. h3 {[%emt 0:00:12]} Ne7 {[%emt 0:00:05]} 11. Nxe7 {[%emt 0:
00:07]} Qxe7 {[%emt 0:00:02]} 12. c3 {[%emt 0:00:09]} Ba7 {[%emt 0:00:02]} 13.
O-O {[%emt 0:00:12]} O-O {[%emt 0:00:02]} 14. Re1 {[%emt 0:00:02]} Qf6 { [%emt
0:00:13]} 15. d4 {[%emt 0:00:13]} exd4 {[%emt 0:00:05]} 16. cxd4 { [%emt
0:00:01]} Re8 {[%emt 0:00:50]} 17. b4 {[%emt 0:00:22]} b5 {[%emt 0:00:42] } 18.
Bd5 {[%emt 0:00:22]} Rb8 {[%emt 0:00:08]} 19. Rc1 {[%emt 0:00:06]} Bb6 { [%emt
0:00:03]} 20. e5 {[%emt 0:00:28]} dxe5 {[%emt 0:00:15]} 21. Nxe5 { [%emt
0:00:10]} Be6 {[%emt 0:01:09]} 22. Bxe6 {[%emt 0:00:16]} Qxe6 {[%emt 0: 00:17]}
23. Nc6 {[%emt 0:00:39]} Qxe1+ {[%emt 0:00:03]} 24. Qxe1 {[%emt 0:00: 02]}
Rxe1+ {[%emt 0:00:01]} 25. Rxe1 {[%emt 0:00:01]} Ra8 {[%emt 0:00:13]} 26. Re7
{[%emt 0:00:05]} Kf8 {[%emt 0:00:03]} 27. Kf1 {[%emt 0:00:05]} Rd8 { [%emt
0:00:09]} 28. Rxf7+ {[%emt 0:00:18]} Kxf7 {[%emt 0:00:09]} 29. Nxd8+ { [%emt
0:00:01]} Ke7 {[%emt 0:00:04]} 30. Nc6+ {[%emt 0:00:02]} Kd6 {[%emt 0:00: 06]}
31. Ne5 {[%emt 0:00:34]} Bxd4 {[%emt 0:00:06]} 32. Nd3 {[%emt 0:00:02]} c5
{[%emt 0:00:15]} 33. Ke2 {[%emt 0:00:07]} c4 {[%emt 0:00:55]} 34. Ne1 {[%emt 0:
00:11]} g5 {[%emt 0:00:42]} 35. f3 {[%emt 0:00:09]} Ke5 {[%emt 0:00:07]} 36. g3
{[%emt 0:00:02]} h5 {[%emt 0:00:07]} 37. Nc2 {[%emt 0:00:03]} Bb2 {[%emt 0:00:
05]} 38. Ke3 {[%emt 0:00:04]} Bc1+ {[%emt 0:00:07]} 39. Ke2 {[%emt 0:00:09]} h4
{[%emt 0:00:05]} 40. g4 {[%emt 0:00:08]} Kf4 {[%emt 0:00:03]} 41. Kf2 {[%emt 0:
00:13]} c3 {[%emt 0:00:13]} 42. Kg2 {[%emt 0:00:06]} Be3 {[%emt 0:00:04]} 43.
Ne1 {[%emt 0:00:23]} Bb6 {[%emt 0:01:08]} 44. Nc2 {[%emt 0:00:26] Landskr1-003
offers a draw} Ba7 {[%emt 0:00:16]} 45. Ne1 {[%emt 0:00:04]} Ke3 {[%emt 0:00:
01]} 46. f4 {[%emt 0:00:20]} Ke2 {[%emt 0:00:11]} 47. Nc2 {[%emt 0:00:15]} gxf4
{[%emt 0:00:02]} 48. g5 {[%emt 0:00:02]} f3+ {[%emt 0:00:01]} 49. Kh2 {[%emt 0:
00:06]} f2 {[%emt 0:00:04]} 50. g6 {[%emt 0:00:02]} f1=Q {[%emt 0:00:02]} 51.
g7 {[%emt 0:00:01]} Qg1# {[%emt 0:00:01]} 0-1

[Event "DSJ Weihnachtsturnier U20w 2020"]
[Site "https://play.chessbase.com/en/play?room=DSJWeihnachtU20w"]
[Date "2020.12.29"]
[Round "4"]
[White "Nanthivarman, Merymuthu"]
[Black "Hartmann, Hannah"]
[Result "1-0"]
[Termination "normal"]
[Board "4.4"]
[WhiteElo "1215"]
[BlackElo "1327"]
[WhiteTeam "OSG Baden-Baden"]
[BlackTeam "SC Landskrone"]
[PlyCount "135"]
[WhiteFideId "16255755"]
[BlackFideId "16235274"]
[EventRounds "7"]
[EventType "team-swiss"]
[EventDate "2020.12.29"]

1. d4 {[%emt 0:00:03]} d5 {[%emt 0:00:04]} 2. Bf4 {[%emt 0:00:03]} Nf6 { [%emt
0:00:18]} 3. e3 {[%emt 0:00:04]} e6 {[%emt 0:00:09]} 4. Bd3 {[%emt 0:00: 05]}
Bd7 {[%emt 0:00:06]} 5. Nf3 {[%emt 0:00:08]} Nc6 {[%emt 0:00:08]} 6. c4 { [%emt
0:00:24]} dxc4 {[%emt 0:00:09]} 7. Bxc4 {[%emt 0:00:03]} Ne4 {[%emt 0:00: 09]}
8. O-O {[%emt 0:00:20]} Ne7 {[%emt 0:00:13]} 9. Qd3 {[%emt 0:00:22]} Nf6 {
[%emt 0:00:05]} 10. Nc3 {[%emt 0:00:05]} Ng6 {[%emt 0:00:03]} 11. Bg3 {[%emt 0:
00:35]} Bd6 {[%emt 0:00:12]} 12. Bxd6 {[%emt 0:00:05]} cxd6 {[%emt 0:00:04]}
13. Bb5 {[%emt 0:00:15]} Bxb5 {[%emt 0:00:05]} 14. Qxb5+ {[%emt 0:00:02]} Qd7 {
[%emt 0:00:02]} 15. Rac1 {[%emt 0:00:05]} Qxb5 {[%emt 0:00:12]} 16. Nxb5 {
[%emt 0:00:02]} O-O {[%emt 0:00:10]} 17. Nxd6 {[%emt 0:00:36]} b6 {[%emt 0:00:
37]} 18. Rc7 {[%emt 0:00:21]} Nd5 {[%emt 0:00:10]} 19. Rc4 {[%emt 0:00:44]}
Rfd8 {[%emt 0:00:25]} 20. Ne4 {[%emt 0:00:16]} Rac8 {[%emt 0:00:07]} 21. Rfc1 {
[%emt 0:00:03]} Rxc4 {[%emt 0:00:05]} 22. Rxc4 {[%emt 0:00:02]} h6 {[%emt 0:00:
04]} 23. Nc3 {[%emt 0:00:18]} Nxc3 {[%emt 0:00:15]} 24. Rxc3 {[%emt 0:00:03]}
Rd7 {[%emt 0:00:02]} 25. h3 {[%emt 0:00:12]} Ne7 {[%emt 0:00:05]} 26. Ne5 {
[%emt 0:00:04]} Rb7 {[%emt 0:00:13]} 27. Nc6 {[%emt 0:00:18]} Nd5 {[%emt 0:00:
10]} 28. Rc4 {[%emt 0:00:22]} Rc7 {[%emt 0:00:19]} 29. Ne5 {[%emt 0:00:45]}
Rxc4 {[%emt 0:00:10]} 30. Nxc4 {[%emt 0:00:02]} Nb4 {[%emt 0:00:05]} 31. a3 {
[%emt 0:00:03]} Nd3 {[%emt 0:00:07]} 32. Kf1 {[%emt 0:00:03]} Kf8 {[%emt 0:00:
04]} 33. Ke2 {[%emt 0:00:02]} Nc1+ {[%emt 0:00:02]} 34. Kd2 {[%emt 0:00:08]}
Nb3+ {[%emt 0:00:03]} 35. Kc2 {[%emt 0:00:15]} Na5 {[%emt 0:00:02]} 36. Nxa5 {
[%emt 0:00:03]} bxa5 {[%emt 0:00:02]} 37. Kb3 {[%emt 0:00:02]} Ke7 {[%emt 0:00:
02]} 38. Ka4 {[%emt 0:00:01]} Kd6 {[%emt 0:00:02]} 39. Kxa5 {[%emt 0:00:01]}
Kc6 {[%emt 0:00:04]} 40. e4 {[%emt 0:00:03]} Kb7 {[%emt 0:00:04]} 41. b4 {
[%emt 0:00:15]} a6 {[%emt 0:00:04]} 42. d5 {[%emt 0:00:22]} e5 {[%emt 0:00:08]}
43. d6 {[%emt 0:00:07]} f6 {[%emt 0:00:02]} 44. d7 {[%emt 0:00:02]} Kc7 { [%emt
0:00:02]} 45. d8=Q+ {[%emt 0:00:02]} Kxd8 {[%emt 0:00:02]} 46. Kxa6 { [%emt
0:00:01]} Kc7 {[%emt 0:00:01]} 47. Ka7 {[%emt 0:00:08]} Kc6 {[%emt 0:00: 04]}
48. a4 {[%emt 0:00:04]} g6 {[%emt 0:00:06]} 49. b5+ {[%emt 0:00:03]} Kc5 {
[%emt 0:00:06]} 50. b6 {[%emt 0:00:01]} Kd4 {[%emt 0:00:01]} 51. f3 {[%emt 0:
00:01]} Ke3 {[%emt 0:00:02]} 52. b7 {[%emt 0:00:01]} Kf2 {[%emt 0:00:02]} 53.
b8=Q {[%emt 0:00:01]} Kxg2 {[%emt 0:00:02]} 54. Qd6 {[%emt 0:00:20]} Kxf3 {
[%emt 0:00:03]} 55. Qxf6+ {[%emt 0:00:01]} Kxe4 {[%emt 0:00:02]} 56. Qxg6+ {
[%emt 0:00:01]} Kd4 {[%emt 0:00:03]} 57. Qxh6 {[%emt 0:00:02]} e4 {[%emt 0:00:
02]} 58. Qd6+ {[%emt 0:00:02]} Ke3 {[%emt 0:00:02]} 59. h4 {[%emt 0:00:02]} Kf2
{[%emt 0:00:02]} 60. Qf4+ {[%emt 0:00:03]} Kg2 {[%emt 0:00:03]} 61. Qxe4+ {
[%emt 0:00:02]} Kg3 {[%emt 0:00:01]} 62. h5 {[%emt 0:00:02]} Kf2 {[%emt 0:00:
01]} 63. Qd3 {[%emt 0:00:02]} Kg2 {[%emt 0:00:02]} 64. h6 {[%emt 0:00:01]} Kf2
{[%emt 0:00:02]} 65. h7 {[%emt 0:00:01]} Kg2 {[%emt 0:00:03]} 66. h8=Q { [%emt
0:00:01]} Kf2 {[%emt 0:00:03]} 67. Qh2+ {[%emt 0:00:02]} Ke1 {[%emt 0:00: 03]}
68. Qde2# {[%emt 0:00:01]} 1-0

[Event "DSJ Weihnachtsturnier U20w 2020"]
[Site "https://play.chessbase.com/en/play?room=DSJWeihnachtU20w"]
[Date "2020.12.29"]
[Round "4"]
[White "Rogozenco, Teodora"]
[Black "Fischer, Darja"]
[Result "1-0"]
[Termination "normal"]
[Board "5.1"]
[WhiteTitle "WFM"]
[WhiteElo "1978"]
[BlackElo "1559"]
[WhiteTeam "Hamburger SK von 1830"]
[BlackTeam "Karlsruher SF 1853"]
[PlyCount "77"]
[WhiteFideId "12938084"]
[BlackFideId "16240898"]
[EventRounds "7"]
[EventType "team-swiss"]
[EventDate "2020.12.29"]

1. d4 {[%emt 0:00:05]} Nf6 {[%emt 0:00:02]} 2. c4 {[%emt 0:00:04]} e6 {[%emt 0:
00:15]} 3. Nc3 {[%emt 0:00:02]} d5 {[%emt 0:00:01]} 4. Bg5 {[%emt 0:00:04]}
Nbd7 {[%emt 0:00:13]} 5. e3 {[%emt 0:00:04]} Be7 {[%emt 0:00:02]} 6. Nf3 {
[%emt 0:00:02]} O-O {[%emt 0:00:03]} 7. Rc1 {[%emt 0:00:06]} b6 {[%emt 0:00:07]
} 8. Bd3 {[%emt 0:00:03]} Bb7 {[%emt 0:00:04]} 9. cxd5 {[%emt 0:00:05]} exd5 {
[%emt 0:00:02]} 10. O-O {[%emt 0:00:03]} c5 {[%emt 0:00:02]} 11. dxc5 {[%emt 0:
00:14]} bxc5 {[%emt 0:00:01]} 12. Bc2 {[%emt 0:00:20]} Rc8 {[%emt 0:00:11]} 13.
Bb3 {[%emt 0:00:04]} Re8 {[%emt 0:00:29]} 14. Bf4 {[%emt 0:00:25]} Nb6 { [%emt
0:00:15]} 15. Nb5 {[%emt 0:02:23]} Ba6 {[%emt 0:00:36]} 16. Nxa7 { [%emt
0:00:29]} Ra8 {[%emt 0:02:05]} 17. Nc6 {[%emt 0:00:03]} Qd7 {[%emt 0:00: 34]}
18. Nxe7+ {[%emt 0:00:09]} Rxe7 {[%emt 0:00:09]} 19. Re1 {[%emt 0:00:02]} c4
{[%emt 0:00:54]} 20. Bc2 {[%emt 0:00:04]} Bb5 {[%emt 0:00:29]} 21. Bb1 { [%emt
0:00:12]} Rc8 {[%emt 0:00:36]} 22. Qd4 {[%emt 0:00:32]} Na4 {[%emt 0:00: 43]}
23. Bg5 {[%emt 0:01:00]} Rc6 {[%emt 0:00:51]} 24. Ne5 {[%emt 0:00:06]} Qc7
{[%emt 0:01:00]} 25. Nxc6 {[%emt 0:00:02]} Qxc6 {[%emt 0:00:01]} 26. Bxf6 {
[%emt 0:01:01]} gxf6 {[%emt 0:00:08]} 27. Qg4+ {[%emt 0:00:09]} Kf8 {[%emt 0:
00:15]} 28. Bxh7 {[%emt 0:00:03]} Re5 {[%emt 0:00:14]} 29. Qg8+ {[%emt 0:01:56]
} Ke7 {[%emt 0:00:02]} 30. f4 {[%emt 0:00:06]} Re6 {[%emt 0:00:08]} 31. Bf5 {
[%emt 0:00:04]} Rd6 {[%emt 0:00:03]} 32. e4 {[%emt 0:00:07]} dxe4 {[%emt 0:00:
20]} 33. Rxe4+ {[%emt 0:00:06]} Re6 {[%emt 0:00:01]} 34. Rxe6+ {[%emt 0:00:14]}
fxe6 {[%emt 0:00:00]} 35. Qg7+ {[%emt 0:00:11]} Kd6 {[%emt 0:00:03]} 36. Rd1+ {
[%emt 0:00:03]} Kc5 {[%emt 0:00:03]} 37. Qa7+ {[%emt 0:00:12]} Nb6 {[%emt 0:00:
03]} 38. Qe7+ {[%emt 0:00:02]} Qd6 {[%emt 0:00:02]} 39. Qxd6# {[%emt 0:00:02]}
1-0

[Event "DSJ Weihnachtsturnier U20w 2020"]
[Site "https://play.chessbase.com/en/play?room=DSJWeihnachtU20w"]
[Date "2020.12.29"]
[Round "4"]
[White "Schulz, Hannah"]
[Black "Hubert, Charlotte"]
[Result "1-0"]
[Termination "normal"]
[Board "5.2"]
[WhiteElo "1539"]
[BlackElo "1549"]
[WhiteTeam "Karlsruher SF 1853"]
[BlackTeam "Hamburger SK von 1830"]
[PlyCount "43"]
[WhiteFideId "16244745"]
[BlackFideId "16265920"]
[EventRounds "7"]
[EventType "team-swiss"]
[EventDate "2020.12.29"]

1. e4 {[%emt 0:00:16]} c5 {[%emt 0:00:03]} 2. Nf3 {[%emt 0:00:02]} d6 {[%emt 0:
00:01]} 3. d4 {[%emt 0:00:05]} cxd4 {[%emt 0:00:01]} 4. Nxd4 {[%emt 0:00:03]}
Nf6 {[%emt 0:00:02]} 5. Nc3 {[%emt 0:00:03]} a6 {[%emt 0:00:02]} 6. Be3 { [%emt
0:00:02]} e5 {[%emt 0:00:02]} 7. Nf3 {[%emt 0:00:05]} Be7 {[%emt 0:00:37] } 8.
Bc4 {[%emt 0:00:05]} O-O {[%emt 0:00:05]} 9. Qd2 {[%emt 0:00:11]} Be6 { [%emt
0:00:27]} 10. Bb3 {[%emt 0:00:21]} b5 {[%emt 0:00:41]} 11. Ng5 {[%emt 0:
00:52]} Bxb3 {[%emt 0:00:09]} 12. axb3 {[%emt 0:00:03]} h6 {[%emt 0:00:12]} 13.
Nf3 {[%emt 0:00:05]} b4 {[%emt 0:01:13]} 14. Nd5 {[%emt 0:00:27]} Nxd5 { [%emt
0:00:37]} 15. Qxd5 {[%emt 0:00:15]} Nd7 {[%emt 0:00:23]} 16. O-O { [%emt
0:00:08]} Qc7 {[%emt 0:00:32]} 17. Qc4 {[%emt 0:01:04]} Rfc8 {[%emt 0:00: 44]}
18. Nd2 {[%emt 0:01:40]} Qb7 {[%emt 0:00:55]} 19. Qd3 {[%emt 0:00:20]} Nf6
{[%emt 0:00:34]} 20. Nc4 {[%emt 0:00:31]} Nd7 {[%emt 0:01:55]} 21. Rfc1 { [%emt
0:00:39]} Bg5 {[%emt 0:00:21]} 22. Nxd6 {[%emt 0:00:26]} 1-0

[Event "DSJ Weihnachtsturnier U20w 2020"]
[Site "https://play.chessbase.com/en/play?room=DSJWeihnachtU20w"]
[Date "2020.12.29"]
[Round "4"]
[White "Wartenberg, Alissa"]
[Black "Haug, Mara"]
[Result "0-1"]
[Termination "normal"]
[Board "5.3"]
[WhiteElo "1562"]
[BlackElo "1379"]
[WhiteTeam "Hamburger SK von 1830"]
[BlackTeam "Karlsruher SF 1853"]
[PlyCount "26"]
[WhiteFideId "16280741"]
[BlackFideId "16259300"]
[EventRounds "7"]
[EventType "team-swiss"]
[EventDate "2020.12.29"]

1. e4 {[%emt 0:00:18]} c5 {[%emt 0:00:03]} 2. Nf3 { [%emt 0:00:04]} Nc6 {[%emt
0:00:03]} 3. d4 {[%emt 0:00:02]} cxd4 {[%emt 0:00: 01]} 4. Nxd4 {[%emt
0:00:02]} g6 {[%emt 0:00:01]} 5. c4 {[%emt 0:00:03]} Bg7 { [%emt 0:00:02]} 6.
Be3 {[%emt 0:00:13]} Nf6 {[%emt 0:00:08]} 7. Nc3 {[%emt 0: 00:09]} Ng4 {[%emt
0:00:07]} 8. Qxg4 {[%emt 0:00:06]} Nxd4 {[%emt 0:00:03]} 9. Qd1 {[%emt
0:00:03]} e5 {[%emt 0:00:03]} 10. f4 {[%emt 0:01:28]} d6 {[%emt 0: 00:04]} 11.
Qd2 {[%emt 0:01:00]} Qh4+ {[%emt 0:01:13]} 12. g3 {[%emt 0:00:11]} Qd8 {[%emt
0:00:09]} 13. Ne2 {[%emt 0:00:10]} Nf3+ {[%emt 0:00:04]

[Event "DSJ Weihnachtsturnier U20w 2020"]
[Site "https://play.chessbase.com/en/play?room=DSJWeihnachtU20w"]
[Date "2020.12.29"]
[Round "4"]
[White "Hoffmann, Sophia"]
[Black "Genova, Magdalina"]
[Result "1/2-1/2"]
[Termination "normal"]
[Board "5.4"]
[WhiteElo "1266"]
[BlackElo "1341"]
[WhiteTeam "Karlsruher SF 1853"]
[BlackTeam "Hamburger SK von 1830"]
[PlyCount "147"]
[WhiteFideId "16259130"]
[BlackFideId "2919753"]
[EventRounds "7"]
[EventType "team-swiss"]
[EventDate "2020.12.29"]

1. d4 {[%emt 0:01:31]} Nf6 {[%emt 0:00:07]} 2. Bf4 {[%emt 0:00:02]} e6 {[%emt
0:00:04]} 3. c4 {[%emt 0:00:03]} c5 {[%emt 0:00:02]} 4. e3 {[%emt 0:00:10]}
cxd4 {[%emt 0:00:07]} 5. exd4 {[%emt 0:00:02]} d6 { [%emt 0:00:01]} 6. Nc3
{[%emt 0:00:03]} b6 {[%emt 0:00:29]} 7. Nf3 {[%emt 0:00: 03]} Bb7 {[%emt
0:00:03]} 8. Bd3 {[%emt 0:00:02]} Be7 {[%emt 0:00:06]} 9. O-O { [%emt 0:00:08]}
O-O {[%emt 0:00:11]} 10. Bc2 {[%emt 0:00:21]} a6 {[%emt 0:00: 37]} 11. d5
{[%emt 0:00:34]} e5 {[%emt 0:00:21]} 12. Bg5 {[%emt 0:00:07]} Nbd7 {[%emt
0:00:07]} 13. Qd3 {[%emt 0:00:17]} Nc5 {[%emt 0:00:34]} 14. Qe2 { [%emt
0:00:13]} Ncd7 {[%emt 0:00:50]} 15. Ne4 {[%emt 0:00:25]} Nh5 {[%emt 0:00: 34]}
16. Bxe7 {[%emt 0:00:12]} Qxe7 {[%emt 0:00:04]} 17. Qd3 {[%emt 0:00:15]} Nf4
{[%emt 0:00:23]} 18. Qe3 {[%emt 0:00:23]} Nf6 {[%emt 0:00:30]} 19. Nxf6+ {
[%emt 0:00:21]} Qxf6 {[%emt 0:00:00]} 20. g3 {[%emt 0:00:04]} Ng6 {[%emt 0:00:
10]} 21. Nd2 {[%emt 0:00:20]} Bc8 {[%emt 0:00:09]} 22. f4 {[%emt 0:00:08]} Bh3
{[%emt 0:00:13]} 23. fxe5 {[%emt 0:00:09]} Qxe5 {[%emt 0:00:12]} 24. Qf3 {
[%emt 0:00:32]} Bxf1 {[%emt 0:00:14]} 25. Rxf1 {[%emt 0:00:12]} Qd4+ {[%emt 0:
00:03]} 26. Rf2 {[%emt 0:00:04]} Rae8 {[%emt 0:00:09]} 27. Ne4 {[%emt 0:00:13]}
Ne5 {[%emt 0:00:15]} 28. Qf5 {[%emt 0:00:13]} Nd3 {[%emt 0:00:37]} 29. Bxd3 {
[%emt 0:00:29]} Rxe4 {[%emt 0:02:33]} 30. Qxe4 {[%emt 0:00:46]} Qxe4 {[%emt 0:
00:09]} 31. Bxe4 {[%emt 0:00:02]} Re8 {[%emt 0:00:00]} 32. Bd3 {[%emt 0:00:11]}
Re1+ {[%emt 0:00:08]} 33. Kg2 {[%emt 0:00:32]} Rd1 {[%emt 0:00:17]} 34. Re2 {
[%emt 0:00:12]} Kf8 {[%emt 0:00:09]} 35. Bc2 {[%emt 0:00:29]} Rd4 {[%emt 0:00:
11]} 36. b3 {[%emt 0:00:26]} b5 {[%emt 0:00:11]} 37. cxb5 {[%emt 0:00:16]} axb5
{[%emt 0:00:02]} 38. a4 {[%emt 0:00:16]} bxa4 {[%emt 0:00:15]} 39. bxa4 { [%emt
0:00:02]} Rxd5 {[%emt 0:00:01]} 40. Bb3 {[%emt 0:00:15]} Ra5 {[%emt 0:00: 03]}
41. Kf2 {[%emt 0:00:14]} d5 {[%emt 0:00:01]} 42. Ra2 {[%emt 0:00:04]} d4 {
[%emt 0:00:02]} 43. Ke2 {[%emt 0:00:02]} Ke7 {[%emt 0:00:01]} 44. Kd3 {[%emt 0:
00:01]} Kd6 {[%emt 0:00:05]} 45. Kc4 {[%emt 0:00:02]} f6 {[%emt 0:00:01]} 46.
Kxd4 {[%emt 0:00:01]} g6 {[%emt 0:00:02]} 47. h4 {[%emt 0:00:04]} Kc6 {[%emt 0:
00:01]} 48. Bc4 {[%emt 0:00:03]} Kb6 {[%emt 0:00:03]} 49. Bb5 {[%emt 0:00:01]}
h6 {[%emt 0:00:03]} 50. Kd5 {[%emt 0:00:01]} g5 {[%emt 0:00:01]} 51. Ke6 {
[%emt 0:00:00]} gxh4 {[%emt 0:00:02]} 52. gxh4 {[%emt 0:00:01]} f5 {[%emt 0:00:
01]} 53. Kxf5 {[%emt 0:00:01]} Ra7 {[%emt 0:00:02]} 54. Kg6 {[%emt 0:00:01]} h5
{[%emt 0:00:03]} 55. Kxh5 {[%emt 0:00:01]} Rh7+ {[%emt 0:00:00]} 56. Kg5 {
[%emt 0:00:01]} Rh8 {[%emt 0:00:01]} 57. h5 {[%emt 0:00:01]} Ka5 {[%emt 0:00:
02]} 58. Kg6 {[%emt 0:00:01]} Rg8+ {[%emt 0:00:01]} 59. Kf7 {[%emt 0:00:03]}
Rg5 {[%emt 0:00:01]} 60. h6 {[%emt 0:00:03]} Rh5 {[%emt 0:00:01]} 61. Kg6 {
[%emt 0:00:02]} Rh4 {[%emt 0:00:03]} 62. h7 {[%emt 0:00:02]} Kb6 {[%emt 0:00:
03]} 63. Bc4 {[%emt 0:00:02]} Kc5 {[%emt 0:00:07]} 64. Bg8 {[%emt 0:00:03]} Kd6
{[%emt 0:00:02]} 65. a5 {[%emt 0:00:01]} Ke7 {[%emt 0:00:04]} 66. a6 {[%emt 0:
00:01]} Rg4+ {[%emt 0:00:03]} 67. Kf5 {[%emt 0:00:02]} Rh4 {[%emt 0:00:02]} 68.
a7 {[%emt 0:00:01]} Rxh7 {[%emt 0:00:02]} 69. a8=Q {[%emt 0:00:01]} Rh5+ {
[%emt 0:00:03]} 70. Kg6 {[%emt 0:00:05]} Rh6+ {[%emt 0:00:04]} 71. Kxh6 { [%emt
0:00:07]} Kd6 {[%emt 0:00:00]} 72. Ra5 {[%emt 0:00:02]} Ke7 {[%emt 0:00: 02]}
73. Qc6 {[%emt 0:00:01]} Kd8 {[%emt 0:00:01]} 74. Ra7 {[%emt 0:00:01]

[Event "DSJ Weihnachtsturnier U20w 2020"]
[Site "https://play.chessbase.com/en/play?room=DSJWeihnachtU20w"]
[Date "2020.12.29"]
[Round "4"]
[White "Alferova, Emily"]
[Black "Roncea, Andrea-Alexandra"]
[Result "1-0"]
[Termination "normal"]
[Board "6.1"]
[WhiteElo "1365"]
[BlackElo "1619"]
[WhiteTeam "SC Garching 1980"]
[BlackTeam "SC Papenburg"]
[PlyCount "77"]
[WhiteFideId "16265904"]
[BlackFideId "16233115"]
[EventRounds "7"]
[EventType "team-swiss"]
[EventDate "2020.12.29"]

1. e4 {[%emt 0:00:04]} e5 {[%emt 0:00:02]} 2. Nf3 {[%emt 0:00:09]} Nc6 { [%emt
0:00:02]} 3. Bb5 {[%emt 0:00:04]} a6 {[%emt 0:00:02]} 4. Ba4 {[%emt 0:00: 05]}
b5 {[%emt 0:00:02]} 5. Bb3 {[%emt 0:00:04]} Bb7 {[%emt 0:00:00]} 6. d4 { [%emt
0:00:06]} d6 {[%emt 0:00:03]} 7. c3 {[%emt 0:00:06]} Be7 {[%emt 0:00:01]} 8.
O-O {[%emt 0:00:12]} Nf6 {[%emt 0:00:03]} 9. Nbd2 {[%emt 0:00:08]} O-O { [%emt
0:00:02]} 10. Bc2 {[%emt 0:00:16]} Re8 {[%emt 0:00:10]} 11. Re1 {[%emt 0:
00:14]} Bf8 {[%emt 0:00:04]} 12. a3 {[%emt 0:00:18]} Nb8 {[%emt 0:00:18]} 13.
b3 {[%emt 0:00:12]} Nbd7 {[%emt 0:00:07]} 14. Bb2 {[%emt 0:00:09]} Nb6 { [%emt
0:00:09]} 15. h3 {[%emt 0:00:14]} g6 {[%emt 0:00:15]} 16. dxe5 {[%emt 0:
00:16]} dxe5 {[%emt 0:00:00]} 17. Qe2 {[%emt 0:00:15]} c5 {[%emt 0:00:10]} 18.
c4 {[%emt 0:00:10]} Qc7 {[%emt 0:00:22]} 19. cxb5 {[%emt 0:00:06]} axb5 { [%emt
0:00:10]} 20. Qxb5 {[%emt 0:00:09]} Ba6 {[%emt 0:00:06]} 21. Qa5 { [%emt
0:00:09]} Bd3 {[%emt 0:00:33]} 22. Qc3 {[%emt 0:00:08]} Bxc2 {[%emt 0:00: 02]}
23. Qxc2 {[%emt 0:00:06]} Red8 {[%emt 0:00:09]} 24. Bxe5 {[%emt 0:00:10]} Qc6
{[%emt 0:00:23]} 25. Bb2 {[%emt 0:00:16]} Bh6 {[%emt 0:00:11]} 26. a4 { [%emt
0:00:24]} Bxd2 {[%emt 0:00:16]} 27. Nxd2 {[%emt 0:00:05]} Nbd7 {[%emt 0:
00:05]} 28. b4 {[%emt 0:00:14]} Qb6 {[%emt 0:00:13]} 29. b5 {[%emt 0:00:09]}
Ne8 {[%emt 0:00:46]} 30. Nc4 {[%emt 0:00:11]} Qe6 {[%emt 0:00:05]} 31. a5 {
[%emt 0:00:15]} Ndf6 {[%emt 0:00:10]} 32. b6 {[%emt 0:00:10]} Nd6 {[%emt 0:00:
22]} 33. Nxd6 {[%emt 0:00:09]} Rxd6 {[%emt 0:00:04]} 34. e5 {[%emt 0:00:08]}
Re8 {[%emt 0:00:10]} 35. exd6 {[%emt 0:00:08]} Qxe1+ {[%emt 0:00:03]} 36. Rxe1
{[%emt 0:00:07]} Rxe1+ {[%emt 0:00:00]} 37. Kh2 {[%emt 0:00:06]} Nd7 {[%emt 0:
00:15] Papenbg1-001 bietet Remis} 38. Qc3 {[%emt 0:00:19]} f6 {[%emt 0:00:07]}
39. Qxe1 {[%emt 0:00:07] Papenbg1-001 gibt auf} 1-0